00570 2200217 4500001002100000005001500021035002000036008004100056245010000097100002100197250000600218260003300224300001100257084001400268082000800282650001400290990001200304990001200316990001200328990001200340INLIS00000000000043220240430015152 a0010-0424000408240430 0 ind 1 aEnsiklopedia Matematika Volume 5; Matematika Dalam Ilmu Fisika dan Ilmu Alam /cPatricia Barnes aBarnes, Patricia a1 aBandung :bPakar Raya,c2014 a88 hlm a510 PAT e a510 4aNon Fiksi a0722532 a0722533 a0722534 a0722535